000 00372 a2200169 4500
001 188681
020 _a85-16-00146-6
040 _cMagnum
100 _aAlmeida, Elenice Machado de
240 1 0 _aMeu cavalo invisível
_lpor
245 1 0 _aMeu cavalo invisível
300 _a23
362 0 _a1990
440 1 _aModerna
697 _aLITERATURA INFANTO
942 _cBK
999 _c188681
_d188681